Catalogue des livres de beaux-arts, de littérature et d'histoire composant la bibliothèque de feu M. J. Pils. (Record no. 171785)

MARC details
000 -LEADER
campo de control de longitud fija 00556nam a22001575i 4500
001 - NÚMERO DE CONTROL
campo de control 171785
003 - IDENTIFICADOR DE NÚMERO DE CONTROL
campo de control ES-MaACL
005 - FECHA Y HORA DE LA ÚLTIMA TRANSACCIÓN
campo de control 20230906214730.0
008 - DATOS DE LONGITUD FIJA--INFORMACIÓN GENERAL
campo de control de longitud fija 090601q1876 fr |||| | fre d
245 00 - MENCIÓN DEL TÍTULO
Título Catalogue des livres de beaux-arts, de littérature et d'histoire composant la bibliothèque de feu M. J. Pils.
260 ## - PUBLICACIÓN, DISTRIBUCIÓN, ETC.
Lugar de publicación, distribución, etc. [S.l. :
Nombre del editor, distribuidor, etc. s.n.,
Fecha de publicación, distribución, etc. ca. 1876]
300 ## - DESCRIPCIÓN FÍSICA
Extensión 29 p. ;
Dimensiones 26 cm.
650 #4 - PUNTO DE ACCESO ADICIONAL DE MATERIA--TÉRMINO DE MATERIA
Término de materia o nombre geográfico como elemento de entrada Bellas Artes-
Subdivisión de forma Bibliografías.
9 (RLIN) 135680
650 #4 - PUNTO DE ACCESO ADICIONAL DE MATERIA--TÉRMINO DE MATERIA
Término de materia o nombre geográfico como elemento de entrada Historia-
Subdivisión de forma Bibliografías.
9 (RLIN) 159746
852 4# - LOCALIZACIÓN
Ubicación ES-MaACL
Número de control de estantería T-204-F-18
Nota libre - Falto de cub. original
Holdings
Estatus retirado Estado de pérdida Estado de daño No para préstamo Colección Biblioteca de origen Biblioteca actual Ubicación en estantería Fecha de adquisición Fuente de adquisición Total de préstamos Signatura topográfica completa Código de barras Visto por última vez Precio de reemplazo Tipo de ítem Koha
        Colección de folletos Biblioteca del Ateneo de Madrid Biblioteca del Ateneo de Madrid Depósito folletos 01/06/2009     T-204-F-18 1180283 23/02/2023 23/02/2023 Folleto